000 00343nam a2200145Ia 4500
008 191201s2005 xx 000 0 und d
082 _a629.2
_bNAA
100 _aNARANG, G B S
245 0 _aAutomobile Engineering
250 _a12th
260 _aN.Delhi
_bKhanna Publisher
_c2005
300 _a1183
650 _aB.Tech(ME)
942 _2ddc
_cBK
999 _c1871
_d1871